[Event "Sao Paulo Carnaval op"]
[Site "Sao Paulo"]
[Date "2019.03.04"]
[Round "5"]
[White "Mandetta, Joao Danilo"]
[Black "Di Berardino, Diego Rafael"]
[Result "0-1"]
[WhiteElo "2374"]
[BlackElo "2508"]
[PlyCount "54"]
[EventDate "2019.03.02"]
[EventType "swiss"]
[EventRounds "7"]
[EventCountry "BRA"]
[SourceTitle "EXT 2020"]
[Source "ChessBase"]
[SourceDate "2019.10.17"]
[SourceVersion "1"]
[SourceVersionDate "2019.10.17"]
[SourceQuality "1"]

1. d4 Nf6 2. Nf3 g6 3. Bg5 Bg7 4. Nbd2 c5 5. Bxf6 Bxf6 6. Ne4 Bxd4 7. Nxd4 cxd4 8. Qxd4 0-0 9. c4 Nc6 10. Qd2 Qa5 11. Nc3 d6 12. e4 e5 13. Bd3 Be6 14. Rc1 a6 15. b3 b5 16. Nd5 b4 17. h4 Bxd5 18. exd5 Nd4 19. h5 Ra7 20. c5 dxc5 21. d6 Qb6 22. Bc4 Qxd6 23. Kf1 Kh8 24. Re1 Qf6 25. Qh6 Rd8 26. Rh3 Rad7 27. Be2 Nc2 0-1

[Event "Florianopolis 5th"]
[Site "Florianopolis"]
[Date "2018.01.31"]
[Round "9"]
[White "Mandetta, Joao Danilo"]
[Black "Di Berardino, Diego Rafael"]
[Result "0-1"]
[WhiteElo "2357"]
[BlackElo "2516"]
[PlyCount "75"]
[EventDate "2018.01.26"]
[EventType "tourn"]
[EventRounds "9"]
[EventCountry "BRA"]
[EventCategory "5"]
[SourceTitle "CBM 182 Extra"]
[Source "ChessBase"]
[SourceDate "2018.02.23"]
[SourceVersion "1"]
[SourceVersionDate "2018.02.23"]
[SourceQuality "1"]

1. c4 c5 2. g3 Nf6 3. Bg2 d5 4. cxd5 Nxd5 5. Nc3 Nc7 6. Nf3 Nc6 7. 0-0 e5 8. a3 f6 9. e3 Be7 10. d4 cxd4 11. exd4 exd4 12. Ne2 Ne6 13. b4 0-0 14. Bb2 d3 15. Nc1 Qb6 16. Nxd3 a5 17. Nh4 Rd8 18. Qh5 axb4 19. axb4 Rxa1 20. Bxa1 Ng5 21. Nf4 Nxb4 22. Bc3 Qb5 23. Rd1 Rxd1+ 24. Qxd1 Nc6 25. Bd5+ Nf7 26. Qh5 Qb1+ 27. Kg2 Ncd8 28. Qe2 Kf8 29. Be4 Qb3 30. Bxh7 Ne6 31. Nfg6+ Ke8 32. Nxe7 Kxe7 33. Nf5+ Kf8 34. Qd2 b6 35. Bb4+ Nc5 36. Qe3 Qd5+ 37. Qf3 Qxf3+ 38. Kxf3 0-1

[Event "Florianopolis 5th"]
[Site "Florianopolis"]
[Date "2018.01.30"]
[Round "7"]
[White "Mandetta, Joao Danilo"]
[Black "Perdomo, Leandro Daniel"]
[Result "1/2-1/2"]
[WhiteElo "2357"]
[BlackElo "2449"]
[PlyCount "23"]
[EventDate "2018.01.26"]
[EventType "tourn"]
[EventRounds "9"]
[EventCountry "BRA"]
[EventCategory "5"]
[SourceTitle "CBM 182 Extra"]
[Source "ChessBase"]
[SourceDate "2018.02.23"]
[SourceVersion "1"]
[SourceVersionDate "2018.02.23"]
[SourceQuality "1"]

1. c4 g6 2. g3 Bg7 3. Bg2 e5 4. Nc3 Nc6 5. d3 d6 6. e4 f5 7. Nge2 Nf6 8. 0-0 0-0 9. Nd5 Be6 10. Bg5 Qd7 11. Qd2 Rf7 12. b4 1/2-1/2

[Event "Florianopolis 5th"]
[Site "Florianopolis"]
[Date "2018.01.27"]
[Round "3"]
[White "Mandetta, Joao Danilo"]
[Black "Cubas, Jose Fernando"]
[Result "1/2-1/2"]
[WhiteElo "2357"]
[BlackElo "2472"]
[PlyCount "57"]
[EventDate "2018.01.26"]
[EventType "tourn"]
[EventRounds "9"]
[EventCountry "BRA"]
[EventCategory "5"]
[SourceTitle "CBM 182 Extra"]
[Source "ChessBase"]
[SourceDate "2018.02.23"]
[SourceVersion "1"]
[SourceVersionDate "2018.02.23"]
[SourceQuality "1"]

1. d4 Nf6 2. c4 e6 3. Nc3 Bb4 4. e3 0-0 5. Bd2 Re8 6. Nf3 d5 7. Rc1 Nbd7 8. a3 Bf8 9. Be2 dxc4 10. Bxc4 c5 11. 0-0 a6 12. a4 cxd4 13. exd4 Nb6 14. Ba2 Bd7 15. Ne5 Rc8 16. Bg5 Bc6 17. Qd3 a5 18. Bb1 g6 19. Qh3 Be7 20. Rcd1 Nbd5 21. Rfe1 Nh5 22. Nxc6 bxc6 23. Bc1 Bg5 24. Ne4 Bxc1 25. Rxc1 Ndf6 26. Qc3 Nxe4 27. Bxe4 Nf6 28. Bf3 Qd6 29. Qc5 1/2-1/2

[Event "Florianopolis Cordioli Cup 2nd"]
[Site "Florianopolis"]
[Date "2017.01.31"]
[Round "7"]
[White "Stamenkovic, Dragan"]
[Black "Mandetta, Joao Danilo"]
[Result "1/2-1/2"]
[WhiteElo "2418"]
[BlackElo "2337"]
[PlyCount "48"]
[EventDate "2017.01.27"]
[EventType "tourn"]
[EventRounds "9"]
[EventCountry "BRA"]
[EventCategory "2"]
[SourceTitle "CBM 176 Extra"]
[Source "ChessBase"]
[SourceDate "2017.03.02"]
[SourceVersion "1"]
[SourceVersionDate "2017.03.02"]
[SourceQuality "1"]

1. d4 c5 2. d5 g6 3. c4 Bg7 4. e4 d6 5. Bd3 e6 6. Nc3 exd5 7. cxd5 a6 8. a4 Ne7 9. Nf3 Bg4 10. h3 Bxf3 11. Qxf3 Nd7 12. Qe2 0-0 13. 0-0 f5 14. f4 fxe4 15. Bxe4 Nf5 16. Bxf5 gxf5 17. Re1 Re8 18. Qf2 Rxe1+ 19. Qxe1 Qe8 20. Be3 Qf7 21. Qd2 Nb6 22. Bf2 Re8 23. Rc1 Nd7 24. Qd3 Qg6 1/2-1/2

[Event "Florianopolis Cordioli Cup 2nd"]
[Site "Florianopolis"]
[Date "2017.01.29"]
[Round "5"]
[White "Silva, David Miguel Da"]
[Black "Mandetta, Joao Danilo"]
[Result "0-1"]
[WhiteElo "2207"]
[BlackElo "2337"]
[PlyCount "52"]
[EventDate "2017.01.27"]
[EventType "tourn"]
[EventRounds "9"]
[EventCountry "BRA"]
[EventCategory "2"]
[SourceTitle "CBM 176 Extra"]
[Source "ChessBase"]
[SourceDate "2017.03.02"]
[SourceVersion "1"]
[SourceVersionDate "2017.03.02"]
[SourceQuality "1"]

1. e4 c5 2. Nf3 g6 3. d4 cxd4 4. Qxd4 Nf6 5. e5 Nc6 6. Qa4 Nd5 7. Qe4 Nb6 8. Nc3 Bg7 9. Bf4 d5 10. exd6 0-0 11. 0-0-0 Bf5 12. Qe3 exd6 13. Bh6 Re8 14. Qf4 Bxc3 15. bxc3 Qf6 16. Nd4 Re4 17. Qg5 Qxg5+ 18. Bxg5 Nxd4 19. cxd4 Rc8 20. Bd3 Rg4 21. Bxf5 gxf5 22. Be7 Rg6 23. g3 Nd5 24. Bh4 Nc3 25. Rd3 d5 26. a3 Rb6 0-1

[Event "Florianopolis op 3rd"]
[Site "Florianopolis"]
[Date "2017.01.23"]
[Round "5"]
[White "Mandetta, Joao Danilo"]
[Black "Pereira, Geanfrancesco"]
[Result "1-0"]
[WhiteElo "2337"]
[BlackElo "1987"]
[PlyCount "99"]
[EventDate "2017.01.20"]
[EventType "swiss"]
[EventRounds "10"]
[EventCountry "BRA"]
[SourceTitle "CBM 176 Extra"]
[Source "ChessBase"]
[SourceDate "2017.03.02"]
[SourceVersion "1"]
[SourceVersionDate "2017.03.02"]
[SourceQuality "1"]

1. Nf3 d5 2. c4 e6 3. g3 Nf6 4. Bg2 Be7 5. 0-0 0-0 6. b3 Nbd7 7. d4 Ne4 8. Qc2 f5 9. Bb2 c6 10. Nbd2 Qe8 11. Ne1 Qh5 12. Ndf3 Rf6 13. Nd3 g5 14. e3 Rh6 15. Qd1 f4 16. Nxf4 gxf4 17. exf4 Ndf6 18. h4 c5 19. Ng5 Qxd1 20. Raxd1 Bd7 21. dxc5 Nxc5 22. cxd5 Bb5 23. Rfe1 Nd3 24. Rxd3 Bxd3 25. Rxe6 Re8 26. d6 Bd8 27. d7 Rxe6 28. Nxe6 Nxd7 29. Nxd8 Nc5 30. Nxb7 Ne4 31. Bd4 Rc6 32. Be3 Rc2 33. a4 Rb2 34. Nc5 Nxc5 35. Bxc5 a6 36. b4 Kf7 37. g4 Ke6 38. Kh2 Ra2 39. a5 h5 40. gxh5 Kf5 41. Kg3 Be2 42. f3 Ra3 43. Bh3+ Kf6 44. Bd4+ Kf7 45. Bg4 Rb3 46. h6 Kg6 47. Bg7 Bd3 48. f5+ Kh7 49. f6 Kg8 50. Be6+ 1-0

[Event "Florianopolis op 3rd"]
[Site "Florianopolis"]
[Date "2017.01.20"]
[Round "1"]
[White "Mandetta, Joao Danilo"]
[Black "Guerrero, Alvaro"]
[Result "1-0"]
[WhiteElo "2337"]
[BlackElo "2112"]
[PlyCount "61"]
[EventDate "2017.01.20"]
[EventType "swiss"]
[EventRounds "10"]
[EventCountry "BRA"]
[SourceTitle "CBM 176 Extra"]
[Source "ChessBase"]
[SourceDate "2017.03.02"]
[SourceVersion "1"]
[SourceVersionDate "2017.03.02"]
[SourceQuality "1"]

1. Nf3 g6 2. c4 Bg7 3. Nc3 Nf6 4. d4 0-0 5. e4 d6 6. Be2 e5 7. d5 a5 8. Bg5 Na6 9. Nd2 h6 10. Be3 Nh7 11. 0-0 f5 12. f3 f4 13. Bf2 Bf6 14. a3 Bd7 15. b4 axb4 16. axb4 Bh4 17. Bxh4 Qxh4 18. Qb3 g5 19. c5 g4 20. fxg4 Bxg4 21. c6 Bxe2 22. Nxe2 bxc6 23. dxc6+ Kh8 24. Qc4 Ng5 25. Rxa6 Rxa6 26. Qxa6 f3 27. Ng3 d5 28. Nxf3 Rxf3 29. Rxf3 Nxf3+ 30. gxf3 Qe7 31. Qc8+ 1-0

[Event "Buenos Aires 111 Years Cup Buho 21th"]
[Site "Buenos Aires"]
[Date "2016.05.27"]
[Round "8.5"]
[White "Real de Azua, Ernesto"]
[Black "Mandetta, Joao Danilo"]
[Result "1/2-1/2"]
[WhiteElo "2461"]
[BlackElo "2313"]
[PlyCount "37"]
[EventDate "2016.05.21"]
[EventType "tourn"]
[EventRounds "9"]
[EventCountry "ARG"]
[SourceTitle "EXT 2024"]
[Source "ChessBase"]
[SourceDate "2023.10.10"]
[SourceVersion "1"]
[SourceVersionDate "2023.10.10"]
[SourceQuality "1"]

1. d4 c5 2. d5 g6 3. c4 Bg7 4. e4 d6 5. Nc3 e6 6. Bd3 Ne7 7. h3 exd5 8. cxd5 a6 9. a4 0-0 10. Nf3 f5 11. 0-0 Nd7 12. exf5 Nxf5 13. Bg5 Qa5 14. Bxf5 Rxf5 15. Ne4 Qc7 16. Be7 Ne5 17. Bxd6 Nxf3+ 18. Qxf3 Qf7 19. Qg3 1/2-1/2

[Event "Buenos Aires 111 Years Cup Buho 21th"]
[Site "Buenos Aires"]
[Date "2016.05.26"]
[Round "7.2"]
[White "Mandetta, Joao Danilo"]
[Black "Chiarot, Cesar"]
[Result "1/2-1/2"]
[WhiteElo "2313"]
[BlackElo "2225"]
[PlyCount "65"]
[EventDate "2016.05.21"]
[EventType "tourn"]
[EventRounds "9"]
[EventCountry "ARG"]
[SourceTitle "EXT 2024"]
[Source "ChessBase"]
[SourceDate "2023.10.10"]
[SourceVersion "1"]
[SourceVersionDate "2023.10.10"]
[SourceQuality "1"]

1. d4 d5 2. c4 c6 3. Nf3 Nf6 4. Nbd2 g6 5. e3 Bg7 6. b4 0-0 7. Bb2 Bg4 8. Be2 Nbd7 9. 0-0 dxc4 10. Nxc4 Ne4 11. Rc1 Be6 12. a3 Bd5 13. Na5 Qc7 14. Ne1 Bh6 15. Nd3 Ndf6 16. Kh1 Nd6 17. Ne5 e6 18. Bd3 Nh5 19. Qe2 f5 20. f3 Qe7 21. Kg1 g5 22. Rce1 Rac8 23. Qc2 b6 24. Naxc6 Qb7 25. b5 Bg7 26. Qd2 Bxe5 27. Nxe5 Nc4 28. Qe2 Nxe5 29. dxe5 Rfd8 30. Bd4 f4 31. Qb2 Qg7 32. e4 Bc4 33. Rd1 1/2-1/2

[Event "Buenos Aires 111 Years Cup Buho 21th"]
[Site "Buenos Aires"]
[Date "2016.05.22"]
[Round "2.2"]
[White "Larrea, Manuel"]
[Black "Mandetta, Joao Danilo"]
[Result "0-1"]
[WhiteElo "2289"]
[BlackElo "2313"]
[PlyCount "74"]
[EventDate "2016.05.21"]
[EventType "tourn"]
[EventRounds "9"]
[EventCountry "ARG"]
[SourceTitle "EXT 2024"]
[Source "ChessBase"]
[SourceDate "2023.10.10"]
[SourceVersion "1"]
[SourceVersionDate "2023.10.10"]
[SourceQuality "1"]

1. e4 c5 2. Nf3 g6 3. d4 cxd4 4. Nxd4 Nc6 5. c4 Nf6 6. Nc3 d6 7. Be2 Nxd4 8. Qxd4 Bg7 9. Be3 0-0 10. Qd2 a5 11. f3 a4 12. 0-0 Qa5 13. Rab1 Be6 14. Rfc1 Rfc8 15. b4 axb3 16. axb3 Qb4 17. Na4 Qxd2 18. Bxd2 Nd7 19. Be3 f5 20. Bd3 Ne5 21. Bc2 Rc6 22. h3 Nd7 23. exf5 gxf5 24. g4 Rf8 25. Kg2 fxg4 26. hxg4 d5 27. Rh1 dxc4 28. Bxh7+ Kf7 29. Be4 cxb3 30. Bxc6 bxc6 31. Rhc1 Ra8 32. Nc3 Ra3 33. Ne4 Bd5 34. Ng5+ Kg6 35. Nh3 b2 36. Nf4+ Kf7 37. Re1 Ba2 0-1

[Event "Buenos Aires 111 Years Cup Buho 21th"]
[Site "Buenos Aires"]
[Date "2016.05.22"]
[Round "3.4"]
[White "Mandetta, Joao Danilo"]
[Black "Ruperez, Miguel Angel"]
[Result "0-1"]
[WhiteElo "2313"]
[BlackElo "2215"]
[PlyCount "134"]
[EventDate "2016.05.21"]
[EventType "tourn"]
[EventRounds "9"]
[EventCountry "ARG"]
[SourceTitle "EXT 2024"]
[Source "ChessBase"]
[SourceDate "2023.10.10"]
[SourceVersion "1"]
[SourceVersionDate "2023.10.10"]
[SourceQuality "1"]

1. c4 c5 2. g3 Nf6 3. Bg2 d5 4. cxd5 Nxd5 5. Nc3 Nc7 6. e3 e5 7. Nge2 Nc6 8. 0-0 Be7 9. f4 exf4 10. Nxf4 0-0 11. b3 Ne5 12. Bb2 Nd3 13. Nxd3 Qxd3 14. Be4 Qd6 15. Qc2 f5 16. Bg2 Rb8 17. e4 f4 18. e5 Qh6 19. gxf4 Rxf4 20. Rxf4 Qxf4 21. Rf1 Qh4 22. Qe4 Qxe4 23. Nxe4 Be6 24. Rc1 Na6 25. d4 cxd4 26. Bxd4 b6 27. Nd6 Bg5 28. Rc3 Nb4 29. a3 Na2 30. Rc7 Nc1 31. h4 Ne2+ 32. Kf2 Bd8 33. Kxe2 Bxc7 34. Nb5 Bd8 35. Nxa7 Bxh4 36. Nc6 Re8 37. Bxb6 Bxb3 38. Kd3 Be1 39. Nd4 Ba4 40. e6 h5 41. Be4 Bh4 42. Bg6 Rb8 43. Bc7 Rc8 44. Bd6 Be8 45. Be4 g6 46. Bb7 Rc1 47. Bd5 Rd1+ 48. Kc4 Bf6 49. e7+ Kh7 50. Ne6 Re1 51. Bb4 Re2 52. Nc7 Bd7 53. Kd3 Re5 54. Bc3 Bf5+ 55. Kc4 Rxe7 56. Bxf6 Rxc7+ 57. Kb4 Bd3 58. a4 Kh6 59. a5 g5 60. Be5 Re7 61. Bd6 Rd7 62. Kc5 Ra7 63. Kd4 Bf5 64. Ke5 Rxa5 65. Bb4 Rb5 66. Be7 h4 67. Kd6 h3 0-1

[Event "Florianopolis Cordioli Cup"]
[Site "Florianopolis"]
[Date "2016.01.24"]
[Round "3"]
[White "Mandetta, Joao Danilo"]
[Black "Goncalves, Davi Sulzbacher"]
[Result "1/2-1/2"]
[WhiteElo "2307"]
[BlackElo "2035"]
[PlyCount "43"]
[EventDate "2016.01.23"]
[EventType "tourn"]
[EventRounds "9"]
[EventCountry "BRA"]
[EventCategory "3"]
[SourceTitle "CBM 170 Extra"]
[Source "ChessBase"]
[SourceDate "2016.02.25"]
[SourceVersion "1"]
[SourceVersionDate "2016.02.25"]
[SourceQuality "1"]

1. c4 Nf6 2. Nc3 e5 3. g3 Bb4 4. Bg2 Bxc3 5. dxc3 h6 6. Nf3 d6 7. 0-0 Nc6 8. Re1 Be6 9. b3 Qd7 10. e4 0-0 11. Nd2 Nh7 12. h4 f5 13. exf5 Bxf5 14. Ne4 Kh8 15. Be3 Rad8 16. Qd5 Be6 17. Qd3 a6 18. a4 Na5 19. Nd2 Qf7 20. Bd5 Nf6 21. b4 Nc6 22. Bg2 1/2-1/2

[Event "Florianopolis op 2nd"]
[Site "Florianopolis"]
[Date "2016.01.21"]
[Round "9"]
[White "Goncalves, Ruan Lucas Alves"]
[Black "Mandetta, Joao Danilo"]
[Result "0-1"]
[WhiteElo "1979"]
[BlackElo "2307"]
[PlyCount "68"]
[EventDate "2016.01.16"]
[EventType "swiss"]
[EventRounds "10"]
[EventCountry "BRA"]
[SourceTitle "CBM 170 Extra"]
[Source "ChessBase"]
[SourceDate "2016.02.25"]
[SourceVersion "1"]
[SourceVersionDate "2016.02.25"]
[SourceQuality "1"]

1. g3 d5 2. Bg2 e5 3. d3 c6 4. Nf3 Bd6 5. Nbd2 Nf6 6. 0-0 0-0 7. e4 Re8 8. c3 b6 9. Re1 dxe4 10. dxe4 Ba6 11. Qc2 Nbd7 12. Nb3 Qc7 13. Bg5 h6 14. Be3 c5 15. Rad1 c4 16. Nc1 Nc5 17. Bxc5 Bxc5 18. h3 b5 19. b4 cxb3 20. axb3 Bb7 21. Nh4 Rac8 22. Na2 g6 23. Qe2 Qb6 24. Bf3 Qe6 25. Bg4 Nxg4 26. hxg4 Qf6 27. Qf3 Qxf3 28. Nxf3 f5 29. Nh4 Bxe4 30. Nxg6 Bc2 31. Rd7 f4 32. Nxe5 fxg3 33. Re2 gxf2+ 34. Kf1 Bf5 0-1

[Event "Blumenau Region-ch sf"]
[Site "Blumenau"]
[Date "2015.11.01"]
[Round "6"]
[White "Mandetta, Joao Danilo"]
[Black "Barbosa, Evandro Amorim"]
[Result "0-1"]
[WhiteElo "2297"]
[BlackElo "2456"]
[PlyCount "92"]
[EventDate "2015.10.30"]
[EventType "swiss"]
[EventRounds "7"]
[EventCountry "BRA"]
[SourceTitle "CBM 169 Extra"]
[Source "ChessBase"]
[SourceDate "2015.12.18"]
[SourceVersion "1"]
[SourceVersionDate "2015.12.18"]
[SourceQuality "1"]

1. g3 c5 2. Bg2 Nc6 3. e4 g6 4. d3 Bg7 5. f4 d6 6. Nf3 e6 7. 0-0 Nge7 8. c3 0-0 9. Be3 b6 10. Re1 Ba6 11. d4 Rc8 12. Nbd2 Qd7 13. a3 cxd4 14. cxd4 Rc7 15. b4 Rfc8 16. Qb1 Bb7 17. Qb2 Nd8 18. Rac1 f5 19. e5 Nd5 20. Bf2 Nc3 21. Bf1 Nf7 22. h3 g5 23. Kh2 dxe5 24. dxe5 gxf4 25. gxf4 Bh6 26. Bg3 Nd5 27. Nc4 Nxf4 28. Nd6 Rxc1 29. Rxc1 Rxc1 30. Qxc1 Nh5 31. Qd1 Nxg3 32. Bb5 Qd8 33. Kxg3 Bxf3 34. Kxf3 Nxe5+ 35. Ke2 Qg5 36. Qd4 Qh5+ 37. Kf2 Qf3+ 38. Ke1 Qh1+ 39. Ke2 Qg2+ 40. Kd1 Nf3 41. Qd3 Qg1+ 42. Qf1 Qe3 43. Qd3 Qe1+ 44. Kc2 Qc1+ 45. Kb3 Nd2+ 46. Ka2 Bg7 0-1

[Event "Blumenau Region-ch sf"]
[Site "Blumenau"]
[Date "2015.10.30"]
[Round "1"]
[White "Frois, Vitor Amorim"]
[Black "Mandetta, Joao Danilo"]
[Result "0-1"]
[WhiteElo "1957"]
[BlackElo "2297"]
[PlyCount "112"]
[EventDate "2015.10.30"]
[EventType "swiss"]
[EventRounds "7"]
[EventCountry "BRA"]
[SourceTitle "CBM 169 Extra"]
[Source "ChessBase"]
[SourceDate "2015.12.18"]
[SourceVersion "1"]
[SourceVersionDate "2015.12.18"]
[SourceQuality "1"]

1. e4 c5 2. Nf3 e6 3. d4 cxd4 4. Nxd4 Nc6 5. Nc3 d6 6. Be3 Nf6 7. f3 Be7 8. Qd2 0-0 9. 0-0-0 a6 10. g4 Nxd4 11. Qxd4 b5 12. g5 Nd7 13. h4 Qa5 14. Kb1 b4 15. Ne2 Ne5 16. f4 Ng4 17. Bh3 Nxe3 18. Qxe3 Bd7 19. Nd4 Qc5 20. Qd2 Rfe8 21. h5 Bf8 22. g6 fxg6 23. hxg6 h6 24. f5 exf5 25. exf5 Re5 26. Ne6 Bxe6 27. fxe6 Be7 28. Rhf1 Rc8 29. Qf2 Qxf2 30. Rxf2 Rf8 31. Rf7 Rxf7 32. gxf7+ Kf8 33. Rg1 h5 34. c3 bxc3 35. Rc1 Re3 36. Rxc3 Rxc3 37. bxc3 g5 38. Bf5 Kg7 39. Kc2 Kf6 40. Bd3 a5 41. Kd2 g4 42. Ke3 Kxe6 43. Bg6 h4 44. Kf4 g3 45. Be4 Kxf7 46. c4 a4 47. Kg4 Ke6 48. Kh3 Ke5 49. Bd5 Kd4 50. Be6 Kc3 51. Bf7 Kb2 52. Bd5 a3 53. Kg4 Kxa2 54. c5+ Kb2 55. cxd6 Bxd6 56. Kxh4 a2 0-1

[Event "Sao Paulo Freitas Memorial"]
[Site "Sao Paulo"]
[Date "2015.10.12"]
[Round "6"]
[White "De Moraes, Pedro Henrique M"]
[Black "Mandetta, Joao Danilo"]
[Result "0-1"]
[WhiteElo "2051"]
[BlackElo "2297"]
[PlyCount "72"]
[EventDate "2015.10.10"]
[EventType "swiss"]
[EventRounds "6"]
[EventCountry "BRA"]
[SourceTitle "CBM 168 Extra"]
[Source "ChessBase"]
[SourceDate "2015.10.29"]
[SourceVersion "1"]
[SourceVersionDate "2015.10.29"]
[SourceQuality "1"]

1. d4 f5 2. e4 fxe4 3. Nc3 Nf6 4. Bg5 Nc6 5. d5 Ne5 6. Qd4 Nf7 7. Bxf6 exf6 8. Nxe4 f5 9. Ng3 g6 10. h4 Bh6 11. Bd3 0-0 12. Nf3 Bg7 13. Qf4 Qe7+ 14. Kf1 Qd6 15. Qa4 b5 16. Qxb5 a5 17. Qa4 Qxd5 18. h5 Ba6 19. Rd1 Rae8 20. hxg6 hxg6 21. Qh4 Bh6 22. c4 Qd6 23. b3 Qe7 24. Qh3 Qf6 25. Nh4 Re6 26. Nhxf5 gxf5 27. Nh5 Qg5 28. Qxf5 Qxf5 29. Bxf5 Re5 30. Bxd7 Nd6 31. Ng3 Be3 32. f3 Bf4 33. Ne2 Nxc4 34. bxc4 Bxc4 35. Rd4 Bxe2+ 36. Kf2 Be3+ 0-1

[Event "Sao Paulo Freitas Memorial"]
[Site "Sao Paulo"]
[Date "2015.10.10"]
[Round "2"]
[White "Caldeira, Tiago Pereira"]
[Black "Mandetta, Joao Danilo"]
[Result "0-1"]
[WhiteElo "2070"]
[BlackElo "2297"]
[PlyCount "58"]
[EventDate "2015.10.10"]
[EventType "swiss"]
[EventRounds "6"]
[EventCountry "BRA"]
[SourceTitle "CBM 168 Extra"]
[Source "ChessBase"]
[SourceDate "2015.10.29"]
[SourceVersion "1"]
[SourceVersionDate "2015.10.29"]
[SourceQuality "1"]

1. d4 f5 2. g3 Nf6 3. Bg2 g6 4. Nf3 Bg7 5. 0-0 0-0 6. Nbd2 c6 7. b3 d6 8. Bb2 Na6 9. Nc4 Kh8 10. a3 Be6 11. Qd3 Qc7 12. Ncd2 Rae8 13. Ng5 Bc8 14. Rae1 e5 15. e4 fxe4 16. Ngxe4 Nxe4 17. Bxe4 d5 18. Bg2 e4 19. Qe3 Qd8 20. h3 Nc7 21. Re2 Ne6 22. Rfe1 c5 23. c3 cxd4 24. cxd4 Qb6 25. Nb1 Nxd4 26. Rd2 Nf3+ 27. Bxf3 Qxe3 28. Bxg7+ Kxg7 29. Rxe3 exf3 0-1

[Event "Sao Paulo Freitas Memorial"]
[Site "Sao Paulo"]
[Date "2015.10.10"]
[Round "1"]
[White "Mandetta, Joao Danilo"]
[Black "Mendes, Rodrigo Machado"]
[Result "1-0"]
[WhiteElo "2297"]
[BlackElo "1918"]
[PlyCount "57"]
[EventDate "2015.10.10"]
[EventType "swiss"]
[EventRounds "6"]
[EventCountry "BRA"]
[SourceTitle "CBM 168 Extra"]
[Source "ChessBase"]
[SourceDate "2015.10.29"]
[SourceVersion "1"]
[SourceVersionDate "2015.10.29"]
[SourceQuality "1"]

1. c4 c5 2. g3 g6 3. Bg2 Bg7 4. Nc3 Nf6 5. Nf3 Nc6 6. d4 cxd4 7. Nxd4 0-0 8. 0-0 Nxd4 9. Qxd4 d6 10. Qd3 Qa5 11. h3 Qh5 12. g4 Bxg4 13. hxg4 Nxg4 14. Bf4 Be5 15. Qg3 Bxf4 16. Qxf4 Ne5 17. b3 Rab8 18. Rad1 a6 19. Rd5 Qg4 20. Qxg4 Nxg4 21. Rd4 Ne5 22. f4 Nd7 23. Bh3 Rfd8 24. e4 Nf6 25. Rfd1 Kg7 26. e5 Ne8 27. c5 b5 28. exd6 exd6 29. cxd6 1-0

[Event "Matinhos Caioba-ch"]
[Site "Matinhos"]
[Date "2015.08.30"]
[Round "6"]
[White "Mandetta, Joao Danilo"]
[Black "Stamenkovic, Dragan"]
[Result "1/2-1/2"]
[WhiteElo "2303"]
[BlackElo "2408"]
[PlyCount "215"]
[EventDate "2015.08.28"]
[EventType "swiss"]
[EventRounds "6"]
[EventCountry "BRA"]
[SourceTitle "EXT 2016"]
[Source "ChessBase"]
[SourceDate "2015.10.08"]
[SourceVersion "1"]
[SourceVersionDate "2015.10.08"]
[SourceQuality "1"]

1. d4 d5 2. c4 e6 3. Nc3 Nf6 4. cxd5 exd5 5. Bg5 c6 6. e3 Be7 7. Bd3 0-0 8. Qc2 Nbd7 9. Nge2 Re8 10. f3 Nf8 11. Bh4 Be6 12. 0-0 Rc8 13. Rad1 a6 14. Bf2 g6 15. Kh1 N8d7 16. Bg1 c5 17. dxc5 Nxc5 18. Nf4 Qa5 19. Nxe6 Nxe6 20. Qb1 Red8 21. Bc2 Bb4 22. Ne2 Qc7 23. Bd3 Nd7 24. a3 Ba5 25. b4 Bb6 26. f4 Ng7 27. f5 Ne5 28. Nf4 Qc3 29. fxg6 hxg6 30. Rc1 Qxa3 31. Rxc8 Rxc8 32. Nxd5 Bd8 33. Be2 Qa4 34. Qe4 Qc2 35. Qxe5 Qxe2 36. Qf4 f5 37. Qf3 Qxf3 38. gxf3 Rc4 39. Rd1 Bg5 40. Kg2 Ne6 41. Bf2 Kf8 42. Rb1 Rc2 43. Kf1 Rd2 44. Nb6 Bf6 45. Rc1 Ng5 46. Bh4 Rxh2 47. Rc8+ Kf7 48. Rc7+ Ke8 49. Bxg5 Bxg5 50. f4 Be7 51. Nd5 Bh4 52. Rxb7 Rf2+ 53. Kg1 Rd2 54. Nc7+ Kd8 55. Nxa6 Bf2+ 56. Kf1 Bxe3 57. Rg7 Rd6 58. Nc5 Kc8 59. Re7 Bxf4 60. Ke2 Bg5 61. Re8+ Kc7 62. Kf3 Bd2 63. b5 Kb6 64. Ne6 Kxb5 65. Nf8 Bh6 66. Nxg6 Rxg6 67. Re5+ Kc4 68. Rxf5 Bg7 69. Rf7 Bd4 70. Rb7 Kd3 71. Rb3+ Bc3 72. Ra3 Rf6+ 73. Kg4 Kd4 74. Ra4+ Ke5 75. Kg3 Bd4 76. Ra8 Ke4 77. Re8+ Be5+ 78. Kg2 Rh6 79. Kf2 Rh2+ 80. Ke1 Ra2 81. Re6 Ra5 82. Ke2 Ra2+ 83. Kd1 Kf4 84. Re8 Bd4 85. Ke1 Be3 86. Kd1 Kf3 87. Rf8+ Bf4 88. Rf7 Rd2+ 89. Ke1 Rc2 90. Rd7 Rc1+ 91. Rd1 Rc8 92. Rd7 Bg5 93. Rd5 Rc1+ 94. Rd1 Rc7 95. Rd5 Bf4 96. Rd8 Rc2 97. Rd7 Rc1+ 98. Rd1 Rc7 99. Rd8 Re7+ 100. Kd1 Rc7 101. Ke1 Bh6 102. Rd6 Bg5 103. Rd5 Rc1+ 104. Rd1 Rc2 105. Rd5 Bf4 106. Rd7 Rc1+ 107. Rd1 Rxd1+ 108. Kxd1 1/2-1/2

[Event "Matinhos Caioba-ch"]
[Site "Matinhos"]
[Date "2015.08.29"]
[Round "4"]
[White "Mandetta, Joao Danilo"]
[Black "Carvalho, Celestino Jr"]
[Result "1-0"]
[WhiteElo "2303"]
[BlackElo "1962"]
[PlyCount "79"]
[EventDate "2015.08.28"]
[EventType "swiss"]
[EventRounds "6"]
[EventCountry "BRA"]
[SourceTitle "EXT 2016"]
[Source "ChessBase"]
[SourceDate "2015.10.08"]
[SourceVersion "1"]
[SourceVersionDate "2015.10.08"]
[SourceQuality "1"]

1. d4 d5 2. c4 e6 3. Nc3 Nf6 4. cxd5 exd5 5. Bg5 Be7 6. e3 0-0 7. Bd3 Nbd7 8. Nge2 c6 9. Qc2 h6 10. Bh4 Ne8 11. Bg3 Nd6 12. 0-0 Nf6 13. f3 Nh5 14. Bf2 g6 15. e4 Be6 16. e5 Nc4 17. b3 Nb6 18. Qd2 Nd7 19. g4 Ng7 20. Qxh6 c5 21. Rad1 Rc8 22. Qf4 b6 23. Qg3 cxd4 24. Bxd4 Nc5 25. Bb1 Bh4 26. Qh3 Qg5 27. Kh1 Qh6 28. f4 Qh7 29. f5 Bd7 30. Rf3 Bg5 31. Qg2 Qh6 32. Rdf1 Bc6 33. e6 Ne4 34. Rh3 Bh4 35. Nxe4 dxe4 36. Bxe4 Bb5 37. e7 Rfe8 38. fxg6 fxg6 39. Bd5+ Kh7 40. g5 1-0